LEADER 00997nam a2200253 i 4500 001 000000074098 003 CaOOAMICUS 005 20240409110521.0 008 070403s1963 xx u000 u mul u 013 $a45270 040 $aSeMil$bita 100 1 $aValéry, Paul,$d<1871-1945>.$0(OLS)http://semarc/name/9047 245 10$aCharmes /$cPaul Valéry ; a cura di Corrado Pavolini ; presentazione di Carlo Bo. 260 $aMilano :$bNuova accademia editrice,$c1963. 300 $a153 p. ;$c19 cm. 490 0 $aI cristalli 700 1 $aBo, Carlo,$d<1911-2001>.$0(OLS)http://semarc/name/7656 700 1 $aPavolini, Corrado.$0(OLS)http://semarc/name/36776 830 2$aI cristalli.$0(OLS)http://semarc/title/15235 850 $aSeMil 852 $aSeMil$W1$xVenegono$y1$m1W I 308$j239291$B40250$CSeMilBibl$Z2$F40254 $81 996 $6245$aCharmes$9(OLS)http://semarc/title/120218 996 $6260$aMilano :$bNuova accademia editrice$9(OLS)http://semarc/publisher/31675 LEADER 01144nam a2200205 4500 001 000000347815 003 CaOOAMICUS 005 20210927115856.0 008 210913s1878 it 000 u ita r 040 $aSeMil$bita 100 1 $aTedeschi, Vittorio.$0(OLS)http://semarc/name/114663 245 10$aSul mistero divino :$bcommenti al testo ebraico della Bibbia dei più distinti autori rabbinici : traduzione letterale dalle lingue ebraica e caldaica /$copera di V. T. 264 1$aMilano :$bTipografia e stereotipia Francesco Pagnoni,$c1878. 300 $a63 p. ;$c19 cm 650 4$aBibbia. Antico Testamento. Profeti - Analisi narrativa e linguistica.$0(OLS)http://semarc/subject/17768 850 $aSeMil 852 $aSeMil$W1$xVenegono$y1$m5A VIII 3/8$j229007$B238867$CSeMilBibl$Z2$F238867 $8I 996 $6245$aSul mistero divino :$bcommenti al testo ebraico della Bibbia dei più distinti autori rabbinici : traduzione letterale dalle lingue ebraica e caldaica$9(OLS)http://semarc/title/437118 996 $6264$aMilano :$bTipografia e stereotipia Francesco Pagnoni$9(OLS)http://semarc/publisher/60121